=LDR 00000nam 2200000 4500 =001 INLIS000000000003518 =005 20130612091823 =008 ***********************************Ind** =035 ##$$0010-061300000003518 =041 ##$$a Ind =082 ##$$a 636.5 =090 ##$$a 636.5, Mar s =100 ##$$a MARHIYANTO, Bambang =245 ##$$a Sukses beternak ayam arab / oleh BAmbang Marhiyanto. -- =260 ##$$a 2000 $b Jakarta : Difa Publisher =300 ##$$a viii, 160 hlm. : ilus. ; 21 cm =650 ##$$a Peternakan Ayam =850 ##$$a NBPNMAT